How new public management reforms challenge the roles of professionals (Record no. 54672)

000 -LEADER
fixed length control field 01496pab a2200145 454500
008 - FIXED-LENGTH DATA ELEMENTS--GENERAL INFORMATION
fixed length control field 180718b2002 xxu||||| |||| 00| 0 eng d
100 ## - MAIN ENTRY--PERSONAL NAME
Personal name Sehested, Karina
245 ## - TITLE STATEMENT
Title How new public management reforms challenge the roles of professionals
260 ## - PUBLICATION, DISTRIBUTION, ETC.
Date of publication, distribution, etc. 2002
300 ## - PHYSICAL DESCRIPTION
Extent p.1513-537.
520 ## - SUMMARY, ETC.
Summary, etc. The article discusses the relationship between New Public Management reforms and professional roles in European countries. The author presents the traditional autonomous role of professionals and argues that this role is challenged in New Public Management reforms. Then the author looks more closely into the comparative European literature on New Public Management reforms to find general messages about the specific challenges for professionals, and the Danish way of implementing New Public Management reforms is introduced with a specific combination of decentralisation, managerialism and democratisation. Professionals are faced with all of these reform strategies and each of them raises important research questions in a study of reforms and roles. Finally the author presents the few European comparative studies on actual changes in professional role as a consequence of New Public Management reforms and the result is the upcoming of maybe a new interactive role and professional managers. The result calls for further studies into these new roles. - Reproduced.
650 ## - SUBJECT ADDED ENTRY--TOPICAL TERM
Topical term or geographic name entry element Administrative reform
773 ## - HOST ITEM ENTRY
Main entry heading International Journal of Public Administration
909 ## -
-- 54672
Holdings
Withdrawn status Lost status Damaged status Not for loan Permanent Location Current Location Date acquired Serial Enumeration / chronology Barcode Date last seen Price effective from Koha item type
        Indian Institute of Public Administration Indian Institute of Public Administration 2018-07-19 Volume no: 25, Issue no: 12 AR55117 2018-07-19 2018-07-19 Articles

Powered by Koha